Poverenie na zálohovanie

Začal sa proces zálohovania jednorazových nápojových obalov. Minister životného prostredia poveril založením správcu zálohového systému konzorcium štyroch združení zastupujúcich výrobu nealkoholických nápojov. Aké sú vybrané povinnosti správcu. Základné informácie a princípy systému.

Guardado en:
Detalles Bibliográficos
Formato: Capítulo de libro
Lenguaje:eslovaco
Materias:
Etiquetas: Agregar Etiqueta
Sin Etiquetas, Sea el primero en etiquetar este registro!

MARC

LEADER 00000naa a2200000 4500
001 0273545
005 20220627094356.8
041 0 |a slo 
044 |a SK 
245 1 0 |a Poverenie na zálohovanie 
520 |a Začal sa proces zálohovania jednorazových nápojových obalov. Minister životného prostredia poveril založením správcu zálohového systému konzorcium štyroch združení zastupujúcich výrobu nealkoholických nápojov. Aké sú vybrané povinnosti správcu. Základné informácie a princípy systému. 
610 2 0 |a recyklácia odpadu 
610 2 0 |a obaly 
610 2 0 |a nápoje nealkoholické 
610 2 0 |a ochrana prostredia životného 
610 2 0 |a konzorciá 
610 2 0 |a systémy zálohové